Процессы открытых горных работ: учебник

Dades bibliogràfiques
Autor principal: Репин Н. Я. Николай Яковлевич
Altres autors: Репин Л. Н. Лев Николаевич
Sumari:Приведены общие сведения о разработке месторождений полезных ископаемых открытым способом и о технологических схемах открытых горных работ. Дана развернутая технологическая характеристика горных пород. Рассмотрены способы подготовки горных пород к выемке, средства и способы производства буровых и взрывных работ. Изложены принципы оптимизации параметров буровзрывных работ.Дана технологическая характеристика основных видов выемочных машин. Приведены технологические схемы выемочно-погрузочных работ при разработке различных по свойствам пород. Изложена методика оценки производительности выемочных машин.Большое внимание уделено способам и средствам перемещения горных пород, дана их технологическая характеристика. Представлены схемы транспортного обслуживания выемочных машин и методика расчета производительности транспортного оборудования.Рассмотрены способы и средства отвалообразования. Приведены технологические схемы отвальных работ.
Idioma:rus
Publicat: Москва, Горная книга, 2015
Matèries:
Format: Llibre
KOHA link:https://koha.lib.tpu.ru/cgi-bin/koha/opac-detail.pl?biblionumber=296162

MARC

LEADER 00000nam0a2200000 4500
001 296162
005 20231102000859.0
010 |a 9785986723785 
035 |a (RuTPU)RU\TPU\book\321256 
090 |a 296162 
100 |a 20150528d2015 m y0rusy50 ca 
101 0 |a rus 
102 |a RU 
105 |a a j 001zy 
200 1 |a Процессы открытых горных работ  |e учебник  |f Н. Я. Репин, Л. Н. Репин 
210 |a Москва  |c Горная книга  |d 2015 
215 |a 518 с.  |c ил. 
320 |a Библиогр.: с. 511-513. 
330 |a Приведены общие сведения о разработке месторождений полезных ископаемых открытым способом и о технологических схемах открытых горных работ. Дана развернутая технологическая характеристика горных пород. Рассмотрены способы подготовки горных пород к выемке, средства и способы производства буровых и взрывных работ. Изложены принципы оптимизации параметров буровзрывных работ.Дана технологическая характеристика основных видов выемочных машин. Приведены технологические схемы выемочно-погрузочных работ при разработке различных по свойствам пород. Изложена методика оценки производительности выемочных машин.Большое внимание уделено способам и средствам перемещения горных пород, дана их технологическая характеристика. Представлены схемы транспортного обслуживания выемочных машин и методика расчета производительности транспортного оборудования.Рассмотрены способы и средства отвалообразования. Приведены технологические схемы отвальных работ. 
606 1 |a Горные работы открытые  |2 stltpush  |3 (RuTPU)RU\TPU\subj\73353  |9 86385 
610 1 |a горные породы 
610 1 |a твердые полезные ископаемые 
610 1 |a добыча 
610 1 |a выемка 
610 1 |a взрывной способ 
610 1 |a выемочно-погрузочные работы 
610 1 |a карьерные механические лопаты 
610 1 |a гидравлические экскаваторы 
610 1 |a драглайны 
610 1 |a экскаваторы 
610 1 |a погрузчики 
610 1 |a скреперы 
610 1 |a бульдозеры 
610 1 |a безвзрывная выемка 
610 1 |a уголь 
610 1 |a перемещение 
610 1 |a складирование 
610 1 |a транспорт 
610 1 |a учебники 
675 |a 622.271(075.8)  |v 4 
700 1 |a Репин  |b Н. Я.  |g Николай Яковлевич 
701 1 |a Репин  |b Л. Н.  |g Лев Николаевич 
801 1 |a RU  |b 63413507  |c 20150528 
801 2 |a RU  |b 63413507  |c 20150824  |g RCR 
900 |a Месторождения полезных ископаемых 
900 |a Процессы открытых горных работ 
942 |c BK 
951 |l 8 
959 |a 70/20150508  |d 3  |e 980,00  |f ЧЗТЛ:1  |f УФ:2